000 01019nam a2200289 a 4500
001 000036208
003 DO-SdBNP
005 20220126102335.0
008 120111s2011 dr a 001 0dspa d
020 _a9789945074383
040 _aDO-SdBNP
_bspa
_cBPMSU
082 _a972.91
_bB488m 2011
_222
100 1 _aBerenguer Cala, Jorge,
_d1939-
245 1 0 _aManuel De Jesús De Peña y Reinoso :
_bdos patrias y un ideal /
_cJorge Berenguer Cala.
260 _aSanto Domingo :
_bBúho,
_c2011.
300 _a113 p. :
_bil., facsíms., retrs. ;
_c23 cm.
490 0 _aArchivo General de la Nación,
_v146
500 _aIncluye índice nomástico
504 _aBibliografía : p. 71
600 1 4 _aPeña y Reinoso, Manuel de Jesús de
_d1833-1915
651 4 _aRepública Dominicana
_xHistoria
651 4 _aCuba
_xHistoria
_y1810-1899
651 4 _aCuba
_xHistoria
_yGuerra de independencia, 1895-1898
710 2 _aArchivo General de la Nación (República Dominicana)
910 _a VMateo V.
942 _2ddc
_cBK
999 _c13976
_d13976